| 000 | 00323cam a22001097a 4500 | ||
|---|---|---|---|
| 008 | 180718b1950 xxu||||| |||| 00| 0 eng d | ||
| 082 | _aR2303x54 In2r | ||
| 245 |
_aMinimum wages rule rule, 1950 _cby Ministry of Labour |
||
| 260 |
_aNew Delhi _bGovernment of India _c1950 |
||
| 300 | _a24p | ||
| 700 | _aIndia. Ministry of Labour | ||
| 999 |
_c419572 _d419572 |
||